[Event "Ricany op 20th"]
[Site "Ricany"]
[Date "2022.08.30"]
[Round "5"]
[White "Ocelak, Jakub"]
[Black "Elias, Jakub"]
[Result "1/2-1/2"]
[WhiteElo "2149"]
[BlackElo "1982"]
[PlyCount "97"]
[EventDate "2022.08.27"]
[EventType "swiss"]
[EventRounds "9"]
[EventCountry "CZE"]
[SourceTitle "CBM 210 Extra"]
[Source "ChessBase"]
[SourceDate "2022.11.30"]
[SourceVersion "1"]
[SourceVersionDate "2022.11.30"]
[SourceQuality "1"]

1. e4 c5 2. Nf3 e6 3. b3 Nc6 4. Bb2 d6 5. d4 cxd4 6. Nxd4 Nf6 7. Nxc6 bxc6 8. e5 dxe5 9. Qxd8+ Kxd8 10. Bxe5 Bc5 11. Be2 Ke7 12. Nc3 Rd8 13. Na4 Bd6 14. Bxd6+ Rxd6 15. Nb2 Rd8 16. Nc4 Bd7 17. Bf3 Nd5 18. a3 a5 19. 0-0-0 Be8 20. Rhe1 Nc3 21. Rxd8 Kxd8 22. Ne5 Kc7 23. Nd3 Rb8 24. Re5 Rb5 25. Re1 Rb8 26. h4 Nd5 27. Re4 Kb6 28. Nb2 Nc3 29. Rc4 Nb5 30. Na4+ Kc7 31. Nc5 Rd8 32. a4 Nd4 33. Rc3 Nf5 34. g3 Ne7 35. Nd3 Nd5 36. Bxd5 exd5 37. Nf4 Kd6 38. Re3 Bd7 39. Nh5 g6 40. Nf4 Bf5 41. f3 h5 42. Kd2 Rc8 43. Ne2 Bd7 44. Nf4 Bf5 45. Ne2 Bd7 46. c4 dxc4 47. bxc4 Be6 48. Kc3 Rb8 49. Nd4 1/2-1/2

[Event "CZE-chT2C 2122"]
[Site "Czech Republic"]
[Date "2022.01.30"]
[Round "7.8"]
[White "Elias, Jakub"]
[Black "Kabelka, Ondrej"]
[Result "1/2-1/2"]
[WhiteElo "2015"]
[BlackElo "2008"]
[PlyCount "102"]
[EventDate "2021.10.17"]
[EventType "team-tourn"]
[EventRounds "11"]
[EventCountry "CZE"]
[SourceTitle "EXT 2025"]
[Source "ChessBase"]
[SourceDate "2024.10.14"]
[SourceVersion "1"]
[SourceVersionDate "2024.10.14"]
[SourceQuality "1"]
[WhiteTeam "Bakov nad Jizerou"]
[BlackTeam "Jicin AD"]
[WhiteTeamCountry "CZE"]
[BlackTeamCountry "CZE"]

1. e4 e6 2. d4 d5 3. Nd2 Nf6 4. e5 Nfd7 5. Bd3 c5 6. c3 Nc6 7. Ne2 Be7 8. Nf3 h6 9. h4 a6 10. h5 b5 11. Nf4 Qb6 12. Be3 cxd4 13. cxd4 Bb4+ 14. Kf1 Bb7 15. Rc1 Na5 16. Rc2 Rc8 17. Rxc8+ Bxc8 18. b3 Qc7 19. Rh3 Bf8 20. Rg3 Nc6 21. Bb1 Nb4 22. Bd2 a5 23. Ne1 Nc6 24. Be3 b4 25. Nf3 Ba6+ 26. Kg1 Na7 27. Bd3 Bxd3 28. Qxd3 Qc6 29. Nh2 Nb5 30. Ne2 Nb8 31. f4 Na6 32. f5 Nc3 33. Nf4 Ne4 34. Rf3 exf5 35. Nxd5 Qxd5 36. Qxa6 Be7 37. Qc8+ Bd8 38. Qxf5 0-0 39. Ng4 Bg5 40. Bxg5 Nxg5 41. Rd3 Rd8 42. Ne3 Qc6 43. Nc4 Ne6 44. Qf2 Qe4 45. Qe3 Qxe3+ 46. Rxe3 Rxd4 47. Nxa5 Rd2 48. Nc6 Rxa2 49. Nxb4 Rb2 50. Nd5 Rd2 51. Nc3 Nf4 1/2-1/2

[Event "Prague op-A 20th"]
[Site "Prague"]
[Date "2022.01.07"]
[Round "1"]
[White "Plischki, Sebastian"]
[Black "Elias, Jakub"]
[Result "1/2-1/2"]
[WhiteElo "2375"]
[BlackElo "1997"]
[PlyCount "80"]
[EventDate "2022.01.07"]
[EventType "swiss"]
[EventRounds "9"]
[EventCountry "CZE"]
[SourceTitle "CBM 206 Extra"]
[Source "ChessBase"]
[SourceDate "2022.03.31"]
[SourceVersion "1"]
[SourceVersionDate "2022.03.31"]
[SourceQuality "1"]

1. d4 Nf6 2. c4 g6 3. g3 Bg7 4. Bg2 0-0 5. Nc3 c5 6. d5 d6 7. Nf3 e6 8. 0-0 exd5 9. cxd5 Re8 10. Nd2 a6 11. a4 Nbd7 12. Ra2 Ne5 13. h3 Nh5 14. Kh2 f5 15. f4 Nf7 16. e4 Nf6 17. Re1 b6 18. Nc4 fxe4 19. Nxe4 Nxe4 20. Rxe4 Rxe4 21. Bxe4 Bd7 22. g4 b5 23. axb5 axb5 24. Rxa8 Qxa8 25. Nb6 Qd8 26. Nxd7 Qxd7 27. g5 Qe7 28. Bf3 Bd4 29. h4 Kf8 30. Qe2 Qxe2+ 31. Bxe2 c4 32. Bg4 Nd8 33. Bc8 b4 34. Ba6 c3 35. b3 Bf2 36. Kg2 Bxh4 37. Kf3 Kg7 38. Be3 h6 39. gxh6+ Kxh6 40. Ke4 Nf7 1/2-1/2

[Event "CZE-chT2C 2122"]
[Site "Czech Republic"]
[Date "2021.11.21"]
[Round "3.4"]
[White "Elias, Jakub"]
[Black "Husarik, Branko"]
[Result "1/2-1/2"]
[WhiteElo "2015"]
[BlackElo "2096"]
[PlyCount "50"]
[EventDate "2021.10.17"]
[EventType "team-tourn"]
[EventRounds "11"]
[EventCountry "CZE"]
[SourceTitle "EXT 2025"]
[Source "ChessBase"]
[SourceDate "2024.10.14"]
[SourceVersion "1"]
[SourceVersionDate "2024.10.14"]
[SourceQuality "1"]
[WhiteTeam "Bakov nad Jizerou"]
[BlackTeam "Lysa nad Labem Joly III"]
[WhiteTeamCountry "CZE"]
[BlackTeamCountry "CZE"]

1. e4 c6 2. d4 d5 3. Nc3 dxe4 4. Nxe4 Nd7 5. Nf3 Ngf6 6. Bd3 Nxe4 7. Bxe4 Nf6 8. Bd3 Bg4 9. c3 e6 10. h3 Bh5 11. Bf4 Be7 12. 0-0 0-0 13. Be2 Nd5 14. Bg3 Qb6 15. Ne5 Bxe2 16. Qxe2 Rad8 17. Rfe1 c5 18. Nf3 Bf6 19. Rad1 cxd4 20. Nxd4 Rd7 21. Rd2 Rfd8 22. Nf3 h6 23. Red1 Qa5 24. a3 Qa4 25. Ne5 Bxe5 1/2-1/2

[Event "CZE-chT2C 2122"]
[Site "Czech Republic"]
[Date "2021.10.17"]
[Round "1.7"]
[White "Micanek, Tomas"]
[Black "Elias, Jakub"]
[Result "1/2-1/2"]
[WhiteElo "2108"]
[BlackElo "2015"]
[PlyCount "105"]
[EventDate "2021.10.17"]
[EventType "team-tourn"]
[EventRounds "11"]
[EventCountry "CZE"]
[SourceTitle "EXT 2025"]
[Source "ChessBase"]
[SourceDate "2024.10.14"]
[SourceVersion "1"]
[SourceVersionDate "2024.10.14"]
[SourceQuality "1"]
[WhiteTeam "Praha Bohemians"]
[BlackTeam "Bakov nad Jizerou"]
[WhiteTeamCountry "CZE"]
[BlackTeamCountry "CZE"]

1. e4 c5 2. Nf3 e6 3. d4 cxd4 4. c3 Nf6 5. e5 Nd5 6. Bc4 Nb6 7. Bd3 Be7 8. 0-0 Nc6 9. cxd4 d6 10. Nc3 Nb4 11. exd6 Qxd6 12. Ne4 Qd8 13. Bg5 Nxd3 14. Qxd3 h6 15. Bxe7 Qxe7 16. Qb5+ Bd7 17. Qe5 0-0 18. Qc7 Nd5 19. Qg3 Nf6 20. Nd6 Bc6 21. Rfe1 Ne8 22. Nc4 Rd8 23. Rad1 Nd6 24. Ne3 Ne4 25. Qe5 Qf6 26. Ng4 Qxe5 27. dxe5 Nc5 28. Nd4 Bd5 29. b3 Rd7 30. Nb5 b6 31. Ne3 Rfd8 32. Rd4 Bc6 33. Nxa7 Rxd4 34. Nxc6 Rd2 35. Nxd8 Rxd8 36. b4 Na4 37. Rc1 Rd2 38. Rc2 Rd4 39. Rc4 Rd2 40. Rc2 Rd4 41. a3 Rd3 42. Ra2 Rb3 43. Ra1 Kf8 44. Kf1 Nc3 45. Nc4 Nd5 46. g3 Ke7 47. Nd2 Rc3 48. Ke2 f5 49. exf6+ gxf6 50. Ne4 Rb3 51. Nd2 Rc3 52. Ne4 Rb3 53. Nd2 1/2-1/2

[Event "CZE-ch Betsys Online Blitz"]
[Site "Chess.com INT"]
[Date "2021.04.17"]
[Round "2"]
[White "Elias, Jakub"]
[Black "Frank, Adam"]
[Result "0-1"]
[WhiteElo "1959"]
[BlackElo "2238"]
[PlyCount "84"]
[EventDate "2021.04.17"]
[EventType "swiss (blitz)"]
[EventRounds "13"]
[EventCountry "CZE"]
[SourceTitle "CBM 201 Extra"]
[Source "ChessBase"]
[SourceDate "2021.05.31"]
[SourceVersion "1"]
[SourceVersionDate "2021.05.31"]
[SourceQuality "1"]

1. e4 d6 2. d4 Nf6 3. Nc3 g6 4. Bf4 Bg7 5. Qd2 h6 6. h4 c6 7. 0-0-0 b5 8. f3 Bb7 9. Kb1 Nfd7 10. Nce2 Nb6 11. Ng3 N8d7 12. h5 g5 13. Be3 e6 14. f4 gxf4 15. Bxf4 Qe7 16. Nf3 0-0-0 17. Rc1 Kb8 18. Be2 Ka8 19. Rhd1 Nc4 20. Bxc4 bxc4 21. c3 Nb6 22. Qc2 e5 23. Be3 Rhe8 24. dxe5 dxe5 25. Bxb6 axb6 26. Qa4+ Kb8 27. Qxc4 Bf6 28. Nf5 Qf8 29. Qe2 Ka7 30. Rxd8 Rxd8 31. Rd1 Ba6 32. Qe1 Bd3+ 33. Ka1 Qc5 34. Qd2 Bxe4 35. Qxd8 Bxd8 36. Rxd8 Bxf5 37. Rd1 Bc2 38. Rc1 Qf2 39. Nxe5 Qxg2 40. Nxf7 Bh7 41. Nxh6 Qg5 42. Nf7 Qxc1# 0-1

[Event "CZE-ch Betsys Online Blitz"]
[Site "Chess.com INT"]
[Date "2021.04.17"]
[Round "6"]
[White "Elias, Jakub"]
[Black "Krivanek, Vladimir"]
[Result "0-1"]
[WhiteElo "1959"]
[BlackElo "2180"]
[PlyCount "45"]
[EventDate "2021.04.17"]
[EventType "swiss (blitz)"]
[EventRounds "13"]
[EventCountry "CZE"]
[SourceTitle "CBM 201 Extra"]
[Source "ChessBase"]
[SourceDate "2021.05.31"]
[SourceVersion "1"]
[SourceVersionDate "2021.05.31"]
[SourceQuality "1"]

1. e4 e6 2. d4 d5 3. Nd2 Nf6 4. e5 Nfd7 5. Bd3 c5 6. c3 Nc6 7. Ne2 Be7 8. Nf3 h6 9. 0-0 a6 10. a4 b6 11. Bd2 Bb7 12. Rc1 g5 13. Ne1 Qc7 14. b4 c4 15. Bc2 0-0-0 16. f4 f6 17. fxg5 fxe5 18. Rf7 Bxg5 19. Bxg5 hxg5 20. dxe5 Ncxe5 21. Rg7 Ng4 22. Nf4 Qxf4 23. g3 0-1

[Event "CZE-ch Betsys Online Blitz"]
[Site "Chess.com INT"]
[Date "2021.04.17"]
[Round "9"]
[White "Elias, Jakub"]
[Black "Linhart, Jaroslav"]
[Result "0-1"]
[WhiteElo "1959"]
[BlackElo "1764"]
[PlyCount "30"]
[EventDate "2021.04.17"]
[EventType "swiss (blitz)"]
[EventRounds "13"]
[EventCountry "CZE"]
[SourceTitle "CBM 201 Extra"]
[Source "ChessBase"]
[SourceDate "2021.05.31"]
[SourceVersion "1"]
[SourceVersionDate "2021.05.31"]
[SourceQuality "1"]

1. e4 e5 2. Nf3 Nc6 3. Bb5 d6 4. d4 exd4 5. Nxd4 Bd7 6. Nxc6 bxc6 7. Bd3 Nf6 8. f4 d5 9. e5 Ne4 10. 0-0 Bc5+ 11. Kh1 Nf2+ 12. Rxf2 Bxf2 13. Qf3 Bb6 14. Nc3 Qh4 15. Be3 Bg4 0-1

[Event "Ricany op"]
[Site "Ricany"]
[Date "2020.08.26"]
[Round "6"]
[White "Stanek, Ondrej1"]
[Black "Elias, Jakub"]
[Result "1/2-1/2"]
[WhiteElo "2074"]
[BlackElo "1937"]
[PlyCount "47"]
[EventDate "2020.08.22"]
[EventType "swiss"]
[EventRounds "9"]
[EventCountry "CZE"]
[SourceTitle "CBM 198 Extra"]
[Source "ChessBase"]
[SourceDate "2020.11.30"]
[SourceVersion "1"]
[SourceVersionDate "2020.11.30"]
[SourceQuality "1"]

1. e4 c5 2. c3 d5 3. exd5 Qxd5 4. d4 cxd4 5. cxd4 Nc6 6. Nf3 e6 7. Nc3 Bb4 8. Bd3 Nf6 9. 0-0 Qd8 10. Bg5 Be7 11. a3 Nd5 12. Bxe7 Ncxe7 13. Ne5 0-0 14. Qc2 Ng6 15. Be4 Nf6 16. Rfd1 a6 17. Nxg6 hxg6 18. d5 exd5 19. Nxd5 Nxd5 20. Bxd5 Qb6 21. b4 Be6 22. Bxe6 Qxe6 23. Qc7 Rab8 24. Qd6 1/2-1/2

[Event "Ricany op-A"]
[Site "Ricany"]
[Date "2018.09.01"]
[Round "9"]
[White "Elias, Jakub"]
[Black "Svetly, Jiri"]
[Result "1-0"]
[WhiteElo "1794"]
[BlackElo "1910"]
[PlyCount "79"]
[EventDate "2018.08.25"]
[EventType "swiss"]
[EventRounds "9"]
[EventCountry "CZE"]
[SourceTitle "EXT 2020"]
[Source "ChessBase"]
[SourceDate "2019.10.17"]
[SourceVersion "1"]
[SourceVersionDate "2019.10.17"]
[SourceQuality "1"]

1. d4 Nf6 2. c4 g6 3. Nc3 Bg7 4. e4 d6 5. Nf3 0-0 6. Be2 Nbd7 7. 0-0 e5 8. d5 Nc5 9. Qc2 a5 10. Be3 Ne8 11. Nd2 f5 12. f3 f4 13. Bf2 g5 14. a3 h5 15. b4 Nd7 16. c5 Ndf6 17. Nc4 axb4 18. axb4 Rb8 19. Rfd1 Qe7 20. cxd6 cxd6 21. Ba7 Ra8 22. Nb6 Bd7 23. Nxa8 g4 24. Nb6 gxf3 25. Bxf3 Bg4 26. Rd3 Bh6 27. h3 Qh7 28. Qe2 Rf7 29. Kf1 Bf8 30. Ke1 Rg7 31. Kd2 Rc7 32. Rh1 Bc8 33. Nb5 Bd7 34. Nxc7 Nxc7 35. Nxd7 Qxd7 36. Rc1 Bh6 37. Rdc3 Nb5 38. Rc8+ Kg7 39. Bb6 Kg6 40. Rd8 1-0

[Event "Mlada Boleslav Region-ch"]
[Site "Mlada Boleslav"]
[Date "2015.06.21"]
[Round "7"]
[White "Elias, Jakub"]
[Black "Jirousek, Tadeas"]
[Result "1/2-1/2"]
[WhiteElo "1444"]
[BlackElo "1491"]
[PlyCount "70"]
[EventDate "2015.06.20"]
[EventType "swiss"]
[EventRounds "7"]
[EventCountry "CZE"]
[SourceTitle "EXT 2017"]
[Source "ChessBase"]
[SourceDate "2016.10.25"]
[SourceVersion "1"]
[SourceVersionDate "2016.10.25"]
[SourceQuality "1"]

1. e4 e6 2. d4 d5 3. exd5 exd5 4. Nf3 Bd6 5. c3 Bf5 6. Bd3 Bxd3 7. Qxd3 Nf6 8. 0-0 0-0 9. Be3 Re8 10. Re1 Nbd7 11. Nbd2 Ne4 12. Qc2 Ndf6 13. Nxe4 Nxe4 14. Rad1 Qd7 15. Qc1 Qg4 16. h3 Qd7 17. Bf4 f6 18. Bxd6 Qxd6 19. Nd2 Ng5 20. Nf1 Rac8 21. Ng3 Qa6 22. a3 Qb5 23. Nf5 Qd7 24. Ng3 Qf7 25. Rd3 Qg6 26. Rde3 Ne4 27. Nxe4 Rxe4 28. Rg3 Rxe1+ 29. Qxe1 Re8 30. Re3 Kf8 31. Rxe8+ Qxe8 32. Qd2 Qe4 33. f3 Qe7 34. Kh1 Ke8 35. Qd1 Qd7 1/2-1/2